LEADER 02797nas 2200721-a 450 001 996218353903316 005 20240413013939.0 035 $a(CKB)1000000000365471 035 $a(CONSER)--2002223242 035 $a(EXLCZ)991000000000365471 100 $a20020917b20022009 -f- a 101 0 $aeng 181 $ctxt$2rdacontent 182 $cc$2rdamedia 183 $acr$2rdacarrier 200 00$aEuropean business facts and figures /$fEuropean Commission, Eurostat 210 $aLuxembourg $cOffice for Official Publications of the European Communities$d2002- 215 $a1 online resource 225 1 $aPanorama of the European Union 225 1 $a2002 ed.-2004 ed.: Theme 4--Industry, trade, and services 225 1 $a2005 ed.- : Theme--Industry, trade, and services 311 08$aPrint version: European business facts and figures / 1830-8147 (DLC) 2002223242 (OCoLC)50620547 330 $a"Now including data on candidate countries" (2003 ed.). 410 0$aPanorama of the European Union. 410 0$aTheme 4--Industry, trade, and services. 410 0$aTheme--Industry, trade, and services. 606 $aIndustrial statistics$zEuropean Union countries$vPeriodicals 606 $aBusiness enterprises$zEuropean Union countries$vStatistics$vPeriodicals 606 $aEuropean cooperation$vPeriodicals 606 $aStatistiques industrielles$zPays de l'Union européenne$vPériodiques 606 $aEntreprises$zPays de l'Union européenne$vStatistiques$vPériodiques 606 $aCoopération européenne$vStatistiques$vPériodiques 606 $a83.67 industry$3(NL-LeOCL)077607333$2bcl 606 $aBusiness enterprises$2fast$3(OCoLC)fst00842519 606 $aEuropean cooperation$2fast$3(OCoLC)fst00916676 606 $aIndustrial statistics$2fast$3(OCoLC)fst00971751 606 $aIndustrie$2gtt 606 $aBedrijven$2gtt 607 $aEuropean Union countries$2fast 608 $aPeriodicals.$2fast 608 $aStatistics.$2fast 608 $aStatistics (form)$2gtt 608 $aPeriodicals.$2lcgft 608 $aStatistics.$2lcgft 615 0$aIndustrial statistics 615 0$aBusiness enterprises 615 0$aEuropean cooperation 615 6$aStatistiques industrielles 615 6$aEntreprises 615 6$aCoopération européenne 615 7$a83.67 industry. 615 7$aBusiness enterprises. 615 7$aEuropean cooperation. 615 7$aIndustrial statistics. 615 17$aIndustrie. 615 17$aBedrijven. 712 02$aEuropean Commission. 712 02$aStatistical Office of the European Communities. 906 $aJOURNAL 912 $a996218353903316 920 $aexl_impl conversion 996 $aEuropean business facts and figures$92574607 997 $aUNISA LEADER 02147oas 2200721 a 450 001 9910144609103321 005 20260218111733.0 011 $a1509-5770 035 $a(DE-599)ZDB2028474-3 035 $a(OCoLC)53832577 035 $a(CONSER) 2010236515 035 $a(CKB)954925532978 035 $a(DE-599)2028474-3 035 $a(EXLCZ)99954925532978 100 $a20031204a19709999 sy 101 0 $aeng 135 $aurcn||||||||| 181 $ctxt$2rdacontent 182 $cc$2rdamedia 183 $acr$2rdacarrier 200 10$aActa physica Polonica$hB 210 $aCracow, Poland $cJagellonian University 300 $aRefereed/Peer-reviewed 300 $aSee journal site for coverage information. 311 08$a0587-4254 330 $a"Acta physica Polonica B covers the following areas of physics: general and mathematical physics ; particle physics and field theory ; nuclear physics ; theory of relativity and astrophysics ; statistical physics. Note that a sister journal, Acta Physica Polonica A, published by the Institute of Physics, Polish Academy of Sciences, covers all other areas of physics"--Home page. 606 $aPhysics$vPeriodicals 606 $aPhysique$vPe?riodiques 606 $aPhysics$2fast$3(OCoLC)fst01063025 606 $aFísica$vRevistes$2lemac 608 $aPeriodicals.$2fast 615 0$aPhysics 615 6$aPhysique 615 7$aPhysics. 615 7$aFísica 712 02$aInstytut Fizyki (Polska Akademia Nauk) 712 02$aUniwersytet Jagiellon?ski.$bInstytut Fizyki. 712 02$aPolskie Towarzystwo Fizyczne 801 0$bOUN 801 1$bOUN 801 2$bOCLCQ 801 2$bOCL 801 2$bCUS 801 2$bLLB 801 2$bSYB 801 2$bNOC 801 2$bOCLCQ 801 2$bNOC 801 2$bOCLCQ 801 2$bOCLCF 801 2$bOCLCQ 801 2$bVT2 801 2$bOCLCO 801 2$bOCLCQ 801 2$bUAB 801 2$bSFB 801 2$bOCLCL 801 2$bCSU 801 2$bOCLCQ 906 $aJOURNAL 912 $a9910144609103321 996 $aActa physica Polonica$9802368 997 $aUNINA